Normal view
MARC view
- SANA,ANAM
Entry Personal Name
001 - CONTROL NUMBER
- control field: 72482
003 - CONTROL NUMBER IDENTIFIER
- control field: NUST
005 - DATE AND TIME OF LATEST TRANSACTION
- control field: 20210628204814.0
008 - FIXED-LENGTH DATA ELEMENTS
- fixed length control field: 210628|| aca||aabn | a|a d
040 ## - CATALOGING SOURCE
- Original cataloging agency: NUST
- Transcribing agency: NUST
100 ## - HEADING--PERSONAL NAME
- Personal name: SANA,ANAM
670 ## - SOURCE DATA FOUND
- Source citation: Work cat.: (NUST): SANA,ANAM, PR-SOF-1093-NETWORK MANAGEMENT SYSTEM FOR FREQUENCY HOPPED TACTICAL RADIOS TACTICAL RADIOS, 2011
